Регионална библиотека "Любен Каравелов" - Русе

Генетика (Запис номер 381817)

MARC детайли
000 -Лидер
Контролно поле с фиксирана дължина 01482nam a2200361 c 4500
003 - Код на организацията, давaща контролен номер
Контролно поле BLK
005 - Дата и час на последна редакция
Контролно поле 20221208031019.0
008 - Елементи от данни с фиксирана дължина
fixed length control field 180410b bul|||||r ||||||| ||bul||
010 ## - Наследен системен номер
LC control number KNG00173415000
020 ## - Международен стандартен номер на книга ISBN
Международен стандартен номер на книга ISBN 9789543001897
040 ## - Източник на каталожния запис
Идентификатор на билиотеката - собственик на записа BLK
041 ## - Код за език
Код за езика на текст/звукозапис или на отделно заглавие Български
Код за езика КДБФ Български
072 #7 - Код за тематичната категория
Код организация bullib
Код за тематична категория Н50
Текст Естествени науки. Математика и др. Н
080 ## - УДК
Текстов определител УДК Обща генетика. Обща цитогенетика. Имуногенетика. Учение за еволюцията. Видообразуване. Филогенез
УДК код - определител по УДК 575
УДК определител (076)(075.8)
УДК - код + определител 575(076)(075.8)
100 ## - Редна дума - Автор
Автор Генова, Гинка Колева
Авторска отговорност първи автор
R(LIN) 379363
139 ## - Редно поле
Редна дума Генова, Гинка Колева и др.
Авторски знак Генов - Г 31
245 10 - Сведения за заглавието
Заглавие Генетика
Редно поле (дума) Гинка Генова, Меглена Китанова, Олга Кръстанова, науч. ред. Гинка Генова.
257 ## - Страна на издаване
Страна на създаване/издаване България
260 ## - Област на издателските данни
Име на издателя, разпространителя и проч. Гея-Либрис
9 (RLIN) 209513
Място на издаване, разпространение и проч. София
Година на издаване 2019
300 ## - Физическа характеристика
Страници 580 с.
Илюстрации и др. с цв. ил., сх., табл.
Размери/Мащаб 25 см
380 ## - Жанр
Жанр Естествени науки. Математика
650 #4 - Допълнително описание по предмет – тема
Основно описание – тема или топоним Генетика - учебници за ВУЗ
9 (RLIN) 254428
653 ## - Ключова дума – ненормативна
Ключова дума генетика
700 ## - Други автори (авторска отговорност)
Лично име Китанова, Меглена
Автороска отговорност (Описва отношението между автора и произведението) съавт.
9 (RLIN) 1445
700 ## - Други автори (авторска отговорност)
Лично име Кръстанова, Олга
Автороска отговорност (Описва отношението между автора и произведението) съавт.
9 (RLIN) 1445
856 4# - Електронен адрес и достъп
Електронен формат pdf - файл
999 ## - СИСТЕМНИ КОНТРОЛНИ НОМЕРА
Koha biblionumber 381817
Koha biblioitemnumber 381817
942 ## - АРТИКУЛИ
Вид на библиотечния материал Книги
Скрит в OPAC Не
Периодичен библиозапис Да
Koha issues (borrowed), all copies 3
944 ## - СЪЗДАВАНЕ И РЕДАКЦИЯ на ЗАПИСА
Създаване/Редакция Създаване
Дата на регистрацията/редакция 2020-08-12
Служител, извършил регистрацията/редакцията ВР
999 ## - СИСТЕМНИ КОНТРОЛНИ НОМЕРА
Koha biblioitemnumber 381817
999 ## - СИСТЕМНИ КОНТРОЛНИ НОМЕРА
Koha biblioitemnumber 381817
Наличности
Код за отписване Код за изгубен артикул Източник на класификационната схема Код за повреда Коз за рестрикции Код за отдаване Артикулен № Име на библиотеката - собственик Име на библиотеката, в която се намира в момента Статус (Текущо местоположение) Дата на вписване в системата Местоположение - отдел Цена в лева Систематично азбучна сигнатура Баркод Цена в евро Служебен тип на артикула
  Не е изгубен Universal Decimal Classification Не е повреден само за читалня ползва се в читалня 799678 Регионална библиотека "Любен Каравелов" Русе Регионална библиотека "Любен Каравелов" Русе Читалня 2020-09-18 Читалня 45.00 575/Г 31 Г 120000846978 23.01 Книги
Vip Innovations Ltd, Rousse, Bulgaria 2025